| 000 | 03034cam a22003254a 4500 | ||
|---|---|---|---|
| 001 | 15699195 | ||
| 003 | ARRUPE | ||
| 005 | 20131213105558.0 | ||
| 008 | 090414s2009 nyu b 000 0 eng | ||
| 010 | _a 2009015753 | ||
| 020 | _a9780824524890 (alk. paper) | ||
| 020 | _a0824524896 (alk. paper) | ||
| 040 |
_aDLC _cDLC _dDLC |
||
| 050 | 0 | 0 |
_aBV4509.5 _b.G345 2009 |
| 082 | 0 | 0 |
_a248.4 _222 |
| 100 | 1 |
_aGallagher, Timothy M. _95638 |
|
| 245 | 1 | 0 |
_aDiscerning the will of God : _ban Ignatian guide to Christian decision making / _cTimothy M. Gallagher. |
| 260 |
_aNew York : _bCrossroad Pub. Co., _cc2009. |
||
| 300 |
_axiii, 159 p. ; _c24 cm. |
||
| 504 | _aIncludes bibliographical references. | ||
| 505 | 0 | _aIntroduction: When faced with a major life choice -- Text of St. Ignatius -- Preparation -- The question : which choice does God want? -- The foundation -- God's infinite love and our response -- "We love because he first loved us" -- "To do your will is my delight" -- The disposition : openness to whatever God wills -- "Whatever you want, Lord" -- "Loved to the death by Jesus Christ" -- Sent by Jesus -- The means -- Spiritual "exercises" -- Holy Eucharist -- Sacred scripture -- Silence -- Spiritual direction -- Review of spiritual experience -- From preparation to discernment -- Discernment -- Clarity beyond doubting : the first mode -- "He could not doubt about the matter" -- "This certitude and deep peace" -- "There was no doubting it" -- "It had always been clear" -- First mode of discernment -- Questions to consider -- An attraction of the heart: the second mode -- "With deep devotion and tears" -- "Experience of consolations and desolations" -- "Again that consolation would be given me" -- "Only when there was peace in my heart" -- "The room in my heart" -- "When I was most joyful" -- "Like a magnet drawing me" -- Second mode of discernment -- Questions to consider -- A preponderance of reasons : the third mode -- A further mode of discernment -- A time of tranquility -- Third mode of discernment : first way -- "She suggested looking at the advantages -- And disadvantages" -- Third mode of discernment: second way -- "When I took the first point" -- Third mode of discernment -- Questions to consider -- Fruit -- The value of the process of discernment -- Concluding the process -- The process and growth -- The process and grace -- The fruit of discernment -- "And this gives me peace and joy" -- "In your will is our peace". | |
| 600 | 0 | 0 |
_aIgnatius, _cof Loyola, Saint, _d1491-1556. _tExercitia spiritualia. _95639 |
| 650 | 0 |
_aDecision making _xReligious aspects _xCatholic Church. _95640 |
|
| 650 | 0 |
_aDiscernment (Christian theology) _95641 |
|
| 650 | 0 |
_aSpiritual life _xCatholic Church. _95642 |
|
| 650 | 0 |
_aGod _xWill. _95643 |
|
| 906 |
_a7 _bcbc _corignew _d1 _eecip _f20 _gy-gencatlg |
||
| 942 |
_2lcc _cMONOGRAPH |
||
| 999 |
_c119242 _d119242 |
||